[Event "CRO-ch U11"]
[Site "Trogir"]
[Date "2023.06.25"]
[Round "7"]
[White "Stojkovic, Andrej"]
[Black "Brlekovic, Grgur"]
[Result "1-0"]
[WhiteElo "1613"]
[BlackElo "1786"]
[PlyCount "115"]
[EventDate "2023.06.21"]
[EventType "swiss"]
[EventRounds "9"]
[EventCountry "CRO"]
[SourceTitle "EXT 2024"]
[Source "ChessBase"]
[SourceDate "2023.10.10"]
[SourceVersion "1"]
[SourceVersionDate "2023.10.10"]
[SourceQuality "1"]

1. f4 d5 2. Nf3 c5 3. g3 Nc6 4. Bg2 Nf6 5. d3 g6 6. 0-0 Bg7 7. Nc3 0-0 8. e4 d4 9. Ne2 Qc7 10. h3 e5 11. g4 Ne8 12. f5 Qd6 13. Ng3 Nc7 14. Bd2 Bd7 15. Qc1 b5 16. Bh6 gxf5 17. Bxg7 Kxg7 18. exf5 f6 19. Nh5+ Kh8 20. Qh6 Rf7 21. Ng5 Raf8 22. Nxf7+ Rxf7 23. g5 Qf8 24. Qxf8+ Rxf8 25. Nxf6 Nb8 26. Rae1 Ne8 27. Nxd7 Nxd7 28. Bc6 Rf7 29. Bxd7 Rxd7 30. Rxe5 Nc7 31. Rxc5 Rg7 32. f6 Rf7 33. Rxc7 Rxc7 34. f7 Rc8 35. f8Q+ Rxf8 36. Rxf8+ Kg7 37. Rd8 Kg6 38. Rxd4 Kxg5 39. Rd5+ Kh4 40. Rxb5 Kxh3 41. c4 Kg4 42. c5 Kf5 43. d4 h5 44. c6+ Ke6 45. Rxh5 Kd6 46. d5 Kc7 47. Rh7+ Kb8 48. d6 a6 49. c7+ Kc8 50. Rh8+ Kd7 51. c8Q+ Kxd6 52. Rd8+ Ke5 53. Qc7+ Ke6 54. Qd7+ Kf6 55. Re8 Kg6 56. Qe6+ Kg7 57. Rg8+ Kh7 58. Qg6# 1-0